<?xml version="1.0" encoding="UTF-8"?><?xml-stylesheet type="text/xsl" href="static/style.xsl"?><OAI-PMH xmlns="http://www.openarchives.org/OAI/2.0/" xmlns:xsi="http://www.w3.org/2001/XMLSchema-instance" xsi:schemaLocation="http://www.openarchives.org/OAI/2.0/ http://www.openarchives.org/OAI/2.0/OAI-PMH.xsd"><responseDate>2026-04-17T13:14:01Z</responseDate><request verb="GetRecord" identifier="oai:www.recercat.cat:10230/27568" metadataPrefix="marc">https://recercat.cat/oai/request</request><GetRecord><record><header><identifier>oai:recercat.cat:10230/27568</identifier><datestamp>2025-12-13T20:58:20Z</datestamp><setSpec>com_2072_6</setSpec><setSpec>col_2072_452954</setSpec></header><metadata><record xmlns="http://www.loc.gov/MARC21/slim" xmlns:dcterms="http://purl.org/dc/terms/" xmlns:xsi="http://www.w3.org/2001/XMLSchema-instance" xmlns:doc="http://www.lyncode.com/xoai" xsi:schemaLocation="http://www.loc.gov/MARC21/slim http://www.loc.gov/standards/marcxml/schema/MARC21slim.xsd">
   <leader>00925njm 22002777a 4500</leader>
   <datafield ind2=" " ind1=" " tag="042">
      <subfield code="a">dc</subfield>
   </datafield>
   <datafield ind2=" " ind1=" " tag="720">
      <subfield code="a">Riera Roca, Carla</subfield>
      <subfield code="e">author</subfield>
   </datafield>
   <datafield ind2=" " ind1=" " tag="260">
      <subfield code="c">2016-11-22T15:34:45Z</subfield>
   </datafield>
   <datafield ind2=" " ind1=" " tag="260">
      <subfield code="c">2016-11-22T15:34:45Z</subfield>
   </datafield>
   <datafield ind2=" " ind1=" " tag="260">
      <subfield code="c">2016</subfield>
   </datafield>
   <datafield ind2=" " ind1=" " tag="520">
      <subfield code="a">Treball de fi de grau d&amp;apos;Humanitats. Curs 2015-2016</subfield>
   </datafield>
   <datafield ind2=" " ind1=" " tag="520">
      <subfield code="a">Director: Domingo Ródenas</subfield>
   </datafield>
   <datafield ind2=" " ind1=" " tag="520">
      <subfield code="a">La voluntat de destrucció, el dolor, els secrets, les proclamacions, l‘horror, la vacuïtat... tot fa pensar que existeix un Mal pur, tan pur com l‘inefable. Però, malgrat tot, la literatura s‘ha ocupat d‘escriure‘l des de diferents punts de vista que comparteixen tots aquests elements. Es pot representar, aquest Mal? Resulta creïble? A partir dels exemples de Heart of Darkness i American Psycho, m‘endinso en un viatge al nucli de la qüestió que permet no tan sols donar veu als malvats sinó posar en paraules totes aquelles pors humanes que s‘han fet particularment visibles a la novel·la del segle XX. En ella es pot estudiar la cruesa d‘unes imatges que, a poc a poc, han esquinçat el vel del decorum per enfrontar el lector amb la pitjor cara de la humanitat i, possiblement, d‘ell mateix.</subfield>
   </datafield>
   <datafield tag="653" ind2=" " ind1=" ">
      <subfield code="a">Mal a la literatura</subfield>
   </datafield>
   <datafield ind2="0" ind1="0" tag="245">
      <subfield code="a">L’Encarnació del Mal pur: la maldat a la novel·la del segle XX</subfield>
   </datafield>
</record></metadata></record></GetRecord></OAI-PMH>